Southville International School and Colleges
Your cart is empty.
  • Cart
  • Lists
    Public lists Eva Luna New books Lux_list list_1
    Your lists Log in to create your own lists
  • Log in to your account
  • Your cookies
  • Search history
Southville International School and Colleges
  • Advanced search
  • Recent comments
  • Most popular
  • Libraries

Log in to your account

Log in with GOOGLE


If you do not have an external account, but do have a local account, you can still log in:

  1. Home
  2. MARC view: Practical atlas of MRI :
Normal view MARC view ISBD view

Practical atlas of MRI : (Record no. 13996)

[ view plain ]
MARC details
000 -LEADER
fixed length control field 01113pam a2200337 a 4500
001 - CONTROL NUMBER
control field 3887315
003 - CONTROL NUMBER IDENTIFIER
control field OSt
005 - DATE AND TIME OF LATEST TRANSACTION
control field 20140310182519.0
008 - FIXED-LENGTH DATA ELEMENTS--GENERAL INFORMATION
fixed length control field 900705s1990 nyua b 000 0 eng c
010 ## - LIBRARY OF CONGRESS CONTROL NUMBER
LC control number 90008860
020 ## - INTERNATIONAL STANDARD BOOK NUMBER
International Standard Book Number 978818448492
040 ## - CATALOGING SOURCE
Original cataloging agency DNLM/DLC
Transcribing agency DLC
Modifying agency DLC
050 00 - LIBRARY OF CONGRESS CALL NUMBER
Classification number RC 280
Item number .R313 2009
060 ## - NATIONAL LIBRARY OF MEDICINE CALL NUMBER
Classification number WL 17 B256p
082 00 - DEWEY DECIMAL CLASSIFICATION NUMBER
Classification number 612.8/2
100 1# - MAIN ENTRY--PERSONAL NAME
Personal name J JAGan Mohan Reddy.
9 (RLIN) 9286
245 10 - TITLE STATEMENT
Title Practical atlas of MRI :
Statement of responsibility, etc J JAGan Mohan Reddy.
260 ## - PUBLICATION, DISTRIBUTION, ETC. (IMPRINT)
Place of publication, distribution, etc New York :
Name of publisher, distributor, etc Raven Press,
Date of publication, distribution, etc c1990.
300 ## - PHYSICAL DESCRIPTION
Extent 677 p. :
Other physical details ill. ;
Dimensions 28 cm.
504 ## - BIBLIOGRAPHY, ETC. NOTE
Bibliography, etc Includes bibliographical references.
650 #0 - SUBJECT ADDED ENTRY--TOPICAL TERM
Topical term or geographic name as entry element Brain
General subdivision Growth
-- Atlases.
9 (RLIN) 9287
650 #0 - SUBJECT ADDED ENTRY--TOPICAL TERM
Topical term or geographic name as entry element Brain
General subdivision Magnetic resonance imaging
-- Atlases.
9 (RLIN) 9288
650 #0 - SUBJECT ADDED ENTRY--TOPICAL TERM
Topical term or geographic name as entry element Newborn infants
General subdivision Anatomy
-- Atlases.
9 (RLIN) 9289
650 #2 - SUBJECT ADDED ENTRY--TOPICAL TERM
Topical term or geographic name as entry element Brain
General subdivision growth & development
-- atlases.
9 (RLIN) 9290
650 #2 - SUBJECT ADDED ENTRY--TOPICAL TERM
Topical term or geographic name as entry element Magnetic Resonance Imaging
General subdivision in infancy & childhood
-- atlases.
9 (RLIN) 9291
700 1# - ADDED ENTRY--PERSONAL NAME
Personal name Truwit, Charles L.
9 (RLIN) 9292
906 ## - LOCAL DATA ELEMENT F, LDF (RLIN)
a 7
b cbc
c orignew
d 1
e ocip
f 19
g y-gencatlg
942 ## - ADDED ENTRY ELEMENTS (KOHA)
Source of classification or shelving scheme Library of Congress Classification
Koha item type
Holdings
Withdrawn status Lost status Source of classification or shelving scheme Damaged status Home library Current library Shelving location Date acquired Total Checkouts Full call number Barcode Date last seen Date checked out Copy number Price effective from Koha item type
    Library of Congress Classification   South SEED-LPDH College Library College Library South SEED-LPDH College Section 08/10/2013 1 RC 280 .R313 2009 SSLC0067 05/15/2018 10/24/2014 1 08/10/2013 Books

Practical atlas of MRI :

APA

J JAGan Mohan Reddy, Truwit C. L., . (1990). Practical atlas of MRI. New York: Raven Press.

Chicago

J JAGan Mohan Reddy, Truwit Charles L, . 1990. Practical atlas of MRI. New York: Raven Press.

Harvard

J JAGan Mohan Reddy, Truwit C. L., . (1990). Practical atlas of MRI. New York: Raven Press.

MLA

J JAGan Mohan Reddy, Truwit Charles L, . Practical atlas of MRI. New York: Raven Press. 1990.

  • Place hold
  • Print
  • Cite
  • Add to your cart (remove)
  • Save record
    BIBTEX Dublin Core MARCXML MARC (non-Unicode/MARC-8) MARC (Unicode/UTF-8) MARC (Unicode/UTF-8, Standard) MODS (XML) RIS
  • More searches
    Search for this title in:
    Other Libraries (WorldCat) Other Databases (Google Scholar) Online Stores (Bookfinder.com) Open Library (openlibrary.org)

Exporting to Dublin Core...

SOUTHVILLE LIBRARY

Southville International School and Colleges Library

1281 Tropical Ave. Cor. Luxembourg St., BF Homes International, Las Pinas City

Tel. No. 8256374 / 252358 Loc. 117/146

Powered by Koha